书目信息 |
| 题名: |
回首五四
|
|
| 作者: | 董德福 , 史云波 著 | |
| 分册: | ||
| 出版信息: | 北京 人民出版社 2008.12 |
|
| 页数: | 342页 | |
| 开本: | 24cm | |
| 丛书名: | ||
| 单 册: | ||
| 中图分类: | K261.107 , K820.6 | |
| 科图分类: | ||
| 主题词: | 五四运动--研究 , 五四运动--人物研究 , 五四运动 | |
| 电子资源: | ||
| ISBN: | 978-7-01-007599-0 | |
| 000 | 01038nam0 2200301 450 | |
| 001 | 012009020462 | |
| 005 | 20120619161220.23 | |
| 010 | @a978-7-01-007599-0@dCNY48.00 | |
| 100 | @a20090314d2008 em y0chiy0110 ea | |
| 101 | 0 | @achi |
| 102 | @aCN@b110000 | |
| 105 | @ay z 000yd | |
| 106 | @ar | |
| 200 | 1 | @a回首五四@9hui shou wu si@e百年中国思潮和人物@f董德福,史云波著 |
| 210 | @a北京@c人民出版社@d2008.12 | |
| 215 | @a342页@d24cm | |
| 300 | @a江苏大学人文社科专著基金资助出版 | |
| 330 | @a本书从多个角度对五四以来的思潮与人物进行反思,试图澄清学界对五四的种种误读,对重建新的五四观进行初步探索:五四运动有哪些成绩和缺陷?五四是否是中国的文艺复兴或启蒙运动等等。 | |
| 517 | 1 | @a百年中国思潮和人物@9bai nian zhong guo si chao he ren wu |
| 606 | 0 | @a五四运动@x研究 |
| 606 | 0 | @a五四运动@x人物研究 |
| 606 | 0 | @a五四运动 |
| 690 | @aK261.107@v4 | |
| 690 | @aK820.6@v4 | |
| 701 | 0 | @a董德福@9dong de fu@4著 |
| 701 | 0 | @a史云波@9shi yun bo@4著 |
| 801 | 0 | @aCN@bRENTIAN@c20090314 |
| 905 | @b540405-09@dK261.107@e111@f5 | |
| 回首五四:百年中国思潮和人物/董德福,史云波著.-北京:人民出版社,2008.12 |
| 342页;24cm |
| 江苏大学人文社科专著基金资助出版 |
| ISBN 978-7-01-007599-0:CNY48.00 |
| 本书从多个角度对五四以来的思潮与人物进行反思,试图澄清学界对五四的种种误读,对重建新的五四观进行初步探索:五四运动有哪些成绩和缺陷?五四是否是中国的文艺复兴或启蒙运动等等。 |
| ● |
| 相关链接 |
|
|
|
|
正题名:回首五四
索取号:K261.107/111
 
预约/预借
| 序号 | 登录号 | 条形码 | 馆藏地/架位号 | 状态 | 备注 |
| 1 | 540405 | 205404052 | 第二样本阅览室/ [索取号:K261.107/111] | 在馆 | |
| 2 | 540406 | 205404061 | 密集书库-史法系/ [索取号:K261.107/111] | 在馆 | |
| 3 | 540407 | 205404070 | 第二借阅区/ [索取号:K261.107/111] | 在馆 | |
| 4 | 540408 | 205404089 | 第二借阅区/ [索取号:K261.107/111] | 在馆 | |
| 5 | 540409 | 205404098 | 第二借阅区/ [索取号:K261.107/111] | 在馆 |